[Event "45th Olympiad 2024"]
[Site "Budapest HUN"]
[Date "2024.09.20"]
[Round "9.74"]
[Board "2"]
[White "Mak, Tong Kuan"]
[Black "Salim Mohammed, Salim Al Amri"]
[Result "0-1"]
[WhiteElo "1902"]
[BlackElo "1926"]
[PlyCount "90"]
[EventDate "2024.09.11"]
[WhiteTeam "Macau, China"]
[BlackTeam "Oman"]
[BlackTeamCountry "OMN"]

1. e4 c6 2. d4 d5 3. exd5 cxd5 4. Bd3 Nc6 5. c3 Nf6 6. Bf4 Bg4 7. Qb3 Qd7 8. Nd2 e6 9. Ngf3 Bd6 10. Bxd6 Qxd6 11. O-O O-O 12. Rfe1 Qc7 ({RR} 12... Ne7 13. Ne5 Bf5 14. a4 Bxd3 15. Nxd3 Rab8 16. a5 Ng6 17. g3 Rfc8 18. Qb4 Qxb4 19. Nxb4 Ne7 20. Nd3 Nf5 21. Ra4 Nd6 22. Kf1 Rc7 23. Ke2 g6 24. Rb4 Kg7 25. Ra1 Nfe4 26. Nxe4 Nxe4 27. Ra3 {½-½ Carlsen,M (2863)-Firouzja,A (2728) Saint Louis Blitz 2020 (16)}) 13. Rac1 ({RR} 13. Qc2 Rac8 14. Rac1 Bh5 15. Ne5 Bg6 16. Nxg6 hxg6 17. Nf3 b5 18. Bxb5 Ne4 19. Bd3 Nd6 20. Qd2 Rb8 21. Ng5 Nf5 22. g3 Rfe8 23. Qe2 Nce7 24. h4 Nh6 25. h5 gxh5 26. Qxh5 Nef5 27. Bxf5 exf5 {0-1 Tanenbaum,Z (2272)-Oparin,G (2664) Titled Tue 23rd Jan Late 2024 (10)}) 13... Bh5 $146 ({RR} 13... Rab8 14. Qc2 Bxf3 15. Nxf3 h6 16. Ne5 Nxe5 17. dxe5 Nd7 18. Qe2 b5 19. a3 a6 20. Bb1 Rfc8 21. Qd3 Nf8 22. f4 a5 23. f5 exf5 24. Qxf5 b4 25. axb4 axb4 26. Kh1 Qe7 27. cxb4 Rxc1 28. Rxc1 {0-1 Saveliev,A (2352)-Sjugirov,S (2675) Titled Tuesday intern op 16th June blitz 2020 (1)}) 14. h3 Rab8 15. Qc2 Bg6 16. Bxg6 hxg6 17. Qd3 Nd7 18. Re3 Rfe8 19. Rce1 b5 20. h4 b4 21. Nb3 a5 22. h5 gxh5 23. Ng5 Nf6 24. Nc5 Qf4 25. Nh3 Qh6 26. f4 bxc3 27. bxc3 Ne7 28. R3e2 Nf5 29. Ng5 Qg6 30. a4 h4 31. Qa6 Ng3 32. Rd2 Rb1 33. Rdd1 Rxd1 34. Rxd1 Qc2 35. Qd3 Qxd3 36. Rxd3 Rb8 37. Kf2 Ng4+ 38. Ke1 Rb1+ 39. Rd1 Rxd1+ 40. Kxd1 Ne3+ 41. Kd2 Nc4+ 42. Kc2 Nf5 43. Nd3 Nfe3+ 44. Kb3 Nxg2 45. Ne5 f6 0-1

[Event "45th Olympiad 2024"]
[Site "Budapest HUN"]
[Date "2024.09.20"]
[Round "9.74"]
[Board "3"]
[White "Al Maashani, Abdullah"]
[Black "Wong, Kai Meng"]
[Result "1-0"]
[WhiteElo "1893"]
[BlackElo "1795"]
[PlyCount "72"]
[EventDate "2024.09.11"]
[WhiteTeam "Oman"]
[BlackTeam "Macau, China"]
[WhiteTeamCountry "OMN"]

1. e4 e6 2. d3 d5 3. Nd2 c5 4. Ngf3 Nf6 5. g3 Nc6 6. c3 ({RR} 6. e5 Nd7 7. Qe2 Qc7 8. c4 d4 9. Bg2 Ndxe5 10. O-O Be7 11. Ne4 Nxf3+ 12. Bxf3 Ne5 13. Bg2 Ng6 14. h4 e5 15. h5 Nf8 16. f4 exf4 17. Bxf4 Qb6 18. Nd6+ Kd7 19. Bh3+ Ne6 20. Nxf7 Re8 {0-1 Wolffs,W (1554)-Illijin,N (2141) 57th Biel Rapid Open 2024 (8.26)}) 6... Bd6 7. Qe2 Qc7 8. exd5 $146 ({RR} 8. Bg2 O-O 9. O-O b6 10. Re1 Nd7 11. Ng5 d4 12. f4 e5 13. f5 f6 14. Ne6 Qb8 15. Nxf8 Bxf8 16. g4 b5 17. Nf3 Nb6 18. cxd4 cxd4 19. Bd2 Ba6 20. a3 Na4 21. Rec1 Qb6 22. Qd1 Rc8 {1-0 Salvador Lopez,D-Grau Dominguez,E (2153) Cullera op 21st 2001 (7)}) 8... Nxd5 9. Bg2 O-O 10. O-O h6 11. Nc4 Be7 12. a4 Na5 13. Nfe5 Nb3 14. Rb1 Nxc1 15. Rbxc1 Rd8 16. Rfe1 Rb8 17. Qh5 Bf6 18. Ng4 Qe7 19. Nce3 Nxe3 20. Rxe3 Bg5 21. f4 g6 22. Nxh6+ Bxh6 23. Qxh6 b5 24. g4 Qf8 25. Qh4 Bd7 26. a5 c4 27. d4 b4 28. Be4 Qg7 29. cxb4 Qxd4 30. Rce1 Ba4 31. f5 exf5 32. gxf5 Bc6 33. fxg6 fxg6 34. Kh1 Rxb4 35. Qh6 Qf6 36. Kg1 Rxb2 1-0

[Event "45th Olympiad 2024"]
[Site "Budapest HUN"]
[Date "2024.09.20"]
[Round "9.75"]
[Board "1"]
[White "Al-Hajiri, Bader"]
[Black "Pereira, Sergio"]
[Result "1-0"]
[WhiteElo "1947"]
[BlackElo "1988"]
[PlyCount "81"]
[EventDate "2024.09.11"]
[WhiteTeam "Kuwait"]
[BlackTeam "Sao Tome and Principe"]
[WhiteTeamCountry "KUW"]
[BlackTeamCountry "SAO"]

1. e4 d5 2. exd5 Nf6 3. d4 Bg4 4. f3 Bf5 5. g4 Bg6 6. c4 e6 7. Nc3 Be7 ({RR} 7... exd5 8. g5 Nh5 9. f4 Nc6 10. Be2 dxc4 11. Bxh5 Bxh5 12. Qxh5 Nxd4 13. Kf2 g6 14. Qd1 Bg7 15. Qa4+ b5 16. Nxb5 O-O 17. Qxc4 Nxb5 18. Qxb5 Rb8 19. Qc4 Qd1 20. Qe2 Qd4+ 21. Be3 Qe4 22. Qf3 {1-0 Popov,I (2622)-Laylo,D (2500) Quezon City op 2014 (6)}) 8. g5 ({RR} 8. h4 h6 9. Nge2 c6 10. dxe6 Nxg4 11. exf7+ Kxf7 12. Bf4 Nf6 13. Qb3 Qb6 14. Qxb6 axb6 15. Rd1 Re8 16. Kf2 Nh5 17. a3 Bf6 18. Bc7 Nd7 19. Bh3 Nf8 20. Bg4 Ne6 21. Be5 Bxe5 22. dxe5 Nc5 {1-0 Degraeve,J (2480)-Cabanas Jimenez,M (2082) 15th Vaujany Open 2024 (2.1)}) 8... Nfd7 9. f4 $146 ({RR} 9. h4 O-O 10. Bd3 exd5 11. Nxd5 Bd6 12. Bf4 Bxf4 13. Nxf4 Qe7+ 14. Qe2 Qd6 15. Nxg6 fxg6 16. O-O-O Nc6 17. Be4 Nxd4 18. Qe3 c5 19. h5 gxh5 20. Rxh5 g6 21. Rh4 Rae8 22. Ne2 Nxe2+ 23. Qxe2 Qg3 {0-1 Popelyshev,I (2113)-Shefer,A (2180) Moscow Victory Day op 2011 (8)}) ({RR} 9. h4 exd5 10. Nxd5 Nc6 11. Bf4 O-O 12. Bxc7 Bb4+ 13. Kf2 Qc8 14. a3 Be7 15. b4 Re8 16. Bh3 Bf8 17. h5 Ne7 18. Nxe7+ Bxe7 19. Bf4 Bxh5 20. Bxd7 Qxd7 21. Rxh5 Rad8 22. Ne2 g6 23. d5 Qf5 {1-0 Donmez,B (1791)-Zekeriyaoglu,E (1911) TUR Cup Antalya 2017 (8)}) ({RR} 9. dxe6 fxe6 10. Qe2 Nc6 11. d5 Nd4 12. Qf2 Bc5 13. Ne4 Bxe4 14. fxe4 Nb3 15. Qf3 Nxa1 16. dxe6 Ne5 17. Qc3 Bb4 {0-1 Cheah,H (1218)-Lee,P (1561) Vientiane op 2018 (9)}) 9... exd5 10. Bg2 Nc6 11. Nxd5 O-O 12. Ne2 Nb6 13. Ne3 Bb4+ 14. Kf2 Bh5 15. d5 Ne7 16. Qd4 Nd7 17. Ng3 Bc5 18. Qc3 Bg6 19. b4 Bxe3+ 20. Bxe3 f6 21. h4 fxg5 22. hxg5 a5 23. b5 b6 24. Rad1 Rb8 25. d6 cxd6 26. Rxd6 Qc7 27. Qd4 Nc5 28. Rd1 Rbe8 29. Bc1 a4 30. Bf3 Nc8 31. Rc6 Qe7 32. Bb2 a3 33. Ba1 Bc2 34. Nh5 Be4 35. Nxg7 Rd8 36. Nf5 Rxd4 37. Nh6+ Kh8 38. Bxd4+ Qg7 39. Bxg7+ Kxg7 40. Rxc5 Bxf3 41. Rc7+ 1-0

[Event "45th Olympiad 2024"]
[Site "Budapest HUN"]
[Date "2024.09.20"]
[Round "9.75"]
[Board "2"]
[White "Espirito Santo, Waldyr"]
[Black "Al Ibrahim, Abdulrahman"]
[Result "0-1"]
[WhiteElo "1926"]
[BlackElo "1932"]
[PlyCount "68"]
[EventDate "2024.09.11"]
[WhiteTeam "Sao Tome and Principe"]
[BlackTeam "Kuwait"]
[WhiteTeamCountry "SAO"]
[BlackTeamCountry "KUW"]

1. e4 e5 2. Nf3 Nc6 3. Bc4 Nf6 4. d3 Be7 5. O-O O-O 6. Re1 d6 7. c3 Na5 8. Bb5 a6 9. Ba4 b5 10. Bc2 c5 11. Nbd2 Nc6 12. Nf1 h6 13. Ng3 Re8 14. h3 Bf8 15. Nh2 Be6 16. Qf3 d5 17. Ng4 Nxg4 18. hxg4 d4 19. Nf5 dxc3 $146 ({RR} 19... Kh7 20. Qh3 f6 21. g3 c4 22. Rd1 cxd3 23. Bxd3 Kg8 24. Kg2 Ra7 25. cxd4 Nxd4 26. Nxd4 exd4 27. b3 Qc8 28. f3 Rc7 29. Bd2 Ba3 30. Re1 Bb2 31. Rab1 Bc3 32. Rbd1 Bxd2 33. Rxd2 Rc1 34. Ree2 {½-½ Ferreira,E (1754)-Cantarino Neto,M (1968) Joao Pessoa Fischer Memorial 11th 2022 (2)}) ({RR} 19... Be7 20. Nxe7+ Qxe7 21. g3 f6 22. Qe2 Qd7 23. f3 Red8 24. Rd1 a5 25. Kg2 a4 26. a3 Na5 27. cxd4 Qxd4 28. Be3 Qd6 29. f4 exf4 30. gxf4 Bb3 31. Rac1 Rac8 32. g5 fxg5 33. fxg5 Qg6 34. Rh1 {½-½ Mirski,M (1986)-Triadu Cassa,J (2150) ch-Malopolska 2023 (2.23)}) ({RR} 19... Qa5 20. Bd2 dxc3 21. Bxc3 Qd8 22. Bb3 Bxb3 23. axb3 g6 24. Ng3 Re6 25. Ne2 Rd6 26. Nc1 Be7 27. Qg3 Bf6 28. Qh2 Qe7 29. Bd2 Bg5 30. Be3 Rd7 31. g3 Bxe3 32. fxe3 Nb4 33. Qxh6 Nxd3 34. Nxd3 {0-1 Golubov,S (2469)-Korchmar,V (2405) Dvorkovich Memorial op 2016 (5.16)}) 20. bxc3 a5 21. Be3 a4 22. g3 b4 23. d4 cxd4 24. cxd4 Nxd4 25. Nxd4 exd4 26. Bf4 Qc8 27. Bd1 Qc3 28. Be2 Bxa2 29. Bd3 Bc4 30. Be2 Qxf3 31. Bxf3 b3 32. e5 b2 33. Bxa8 Rxa8 34. Rad1 a3 0-1

[Event "45th Olympiad 2024"]
[Site "Budapest HUN"]
[Date "2024.09.20"]
[Round "9.75"]
[Board "3"]
[White "Alsaqer, Meshal"]
[Black "Nascimento Admilton de Ceita dos Santos"]
[Result "1/2-1/2"]
[WhiteElo "1815"]
[BlackElo "1908"]
[PlyCount "87"]
[EventDate "2024.09.11"]
[WhiteTeam "Kuwait"]
[BlackTeam "Sao Tome and Principe"]
[WhiteTeamCountry "KUW"]
[BlackTeamCountry "SAO"]

1. d4 d5 2. Nf3 Nf6 3. c4 e6 4. g3 b6 5. cxd5 exd5 6. Bg2 Be7 7. O-O O-O 8. Nc3 Bb7 9. Bf4 a6 10. Rc1 Bd6 ({RR} 10... Nbd7 11. Ne5 Bd6 12. Nd3 Qe7 13. Qb3 Bxf4 14. Nxf4 c6 15. Rfe1 Ne4 16. Bh3 f5 17. Ncxd5 cxd5 18. Rc7 Nd6 19. e4 Kh8 20. e5 Rac8 21. Rxc8 Nxc8 22. Rc1 Nb8 23. Nxd5 Qd7 24. Bg2 Nc6 25. Qe3 {1-0 Nikolic,P (2603)-Roselli Mailhe,B (2409) Wch Seniors 50 25th 2015 (5)}) 11. Bxd6 Qxd6 12. Qb3 ({RR} 12. Ne5 Nbd7 13. f4 Ne4 14. Nxd7 Qxd7 15. Nxe4 dxe4 16. e3 f5 17. Rf2 Bd5 18. b3 c6 19. Rc3 Rf6 20. Rfc2 a5 21. Qc1 h6 22. Bf1 Ra7 23. a3 Kh7 24. Bc4 Bxc4 25. bxc4 a4 26. Rb2 c5 {½-½ Probert,M (1723)-Morgans,J (1767) 19th South Wales Int 2024 (9.27)}) 12... Nc6 13. Rfd1 $146 ({RR} 13. e3 Rfd8 14. Rfd1 Rab8 15. Ne2 Na5 16. Qc2 c6 17. Nf4 Rbc8 18. Nd3 Ne4 19. Nd2 Nxd2 20. Qxd2 Nc4 21. Qc3 Re8 22. b3 Na5 23. Nf4 g5 24. Nd3 h5 25. Qd2 Kg7 26. Re1 f6 27. h3 Rc7 {1-0 Caglar,A (2093)-Dorum,D (1595) TUR Cup Antalya 2019 (1)}) 13... Rac8 14. e3 h6 15. Nh4 Na5 16. Qc2 Qe6 17. Nf5 Ne4 18. Bh3 Kh8 19. Nxe4 dxe4 20. Kg2 Bd5 21. Nxg7 Qg6 22. Nf5 Qf6 23. Qe2 Rg8 24. Qh5 Kh7 25. Nxh6 Qf3+ 26. Qxf3 exf3+ 27. Kg1 Kxh6 28. Bxc8 Rxc8 29. Rc3 f5 30. Rdc1 c6 31. b4 Nb7 32. a4 Nd6 33. h3 Kg5 34. R3c2 Rh8 35. h4+ Kg4 36. Kh2 Rc8 37. Ra1 Bc4 38. Rac1 Bd5 39. Ra1 Bb3 40. Rc3 Bc4 41. Rac1 Bd5 42. R3c2 Be4 43. Rc3 Bd5 44. R3c2 1/2-1/2

[Event "45th Olympiad 2024"]
[Site "Budapest HUN"]
[Date "2024.09.20"]
[Round "9.75"]
[Board "4"]
[White "Lima, Osvaldo Dos Santos"]
[Black "Alabdaljader, Mohammed"]
[Result "1/2-1/2"]
[WhiteElo "1903"]
[BlackElo "1677"]
[PlyCount "124"]
[EventDate "2024.09.11"]
[WhiteTeam "Sao Tome and Principe"]
[BlackTeam "Kuwait"]
[WhiteTeamCountry "SAO"]
[BlackTeamCountry "KUW"]

1. c4 e5 2. Nc3 Nc6 3. g3 f5 4. d3 Nf6 5. Bg2 Bb4 6. Bg5 O-O 7. a3 Bxc3+ 8. bxc3 d6 9. Rb1 Kh8 $146 ({RR} 9... Qe8 10. Nh3 Nd8 11. O-O Bd7 12. d4 Ba4 13. Qc1 Qh5 14. e3 Rb8 15. Kh1 b6 16. Rb4 Bc6 17. d5 a5 18. Rb2 Ba4 19. Qb1 Ne4 20. Bxd8 Rbxd8 21. Qd3 g5 22. Ng1 g4 23. Bxe4 fxe4 24. Qxe4 {0-1 Bulano,A (1867)-Sonntag,H (2047) Leipzig VfB op 13th 2006 (7)}) 10. e3 Qe8 11. Ne2 Rb8 12. Bxf6 Rxf6 13. d4 Bd7 14. Bxc6 Bxc6 15. d5 Bd7 16. O-O Qh5 17. f3 b6 18. Rf2 Rbf8 19. f4 Be8 20. Qd2 Qh3 21. Qd1 Rh6 22. Qf1 Qg4 23. Qg2 Bh5 24. Rbf1 Qg6 25. Nc1 Bg4 26. Re1 Qe8 27. e4 Qa4 28. fxe5 dxe5 29. exf5 Qxc4 30. Qe4 Qxc3 31. Qxe5 Qxe5 32. Rxe5 Rhf6 33. Nb3 Bxf5 34. Nd4 Bg6 35. Rxf6 gxf6 36. Re7 Rf7 37. Re8+ Kg7 38. Ne6+ Kh6 39. Rc8 Bf5 40. Re8 Rd7 41. Nf4 a5 42. Kf2 Rd6 43. h3 c6 44. dxc6 Rxc6 45. g4 Bg6 46. Re3 Bf7 47. h4 Rc2+ 48. Kg3 Rb2 49. Re7 Rb3+ 50. Kf2 Bc4 51. Rc7 b5 52. a4 Rb4 53. axb5 Bxb5 54. Kg3 Rb3+ 55. Kf2 a4 56. Rf7 a3 57. Nh5 Rb2+ 58. Kg3 Be8 59. Rxf6+ Bg6 60. Ra6 a2 61. Nf4 Kg7 62. Nxg6 hxg6 1/2-1/2

[Event "45th Olympiad 2024"]
[Site "Budapest HUN"]
[Date "2024.09.20"]
[Round "9.76"]
[Board "1"]
[White "Fancy, Stuart"]
[Black "Ayyad, Husain"]
[Result "0-1"]
[WhiteElo "1921"]
[BlackElo "2129"]
[PlyCount "156"]
[EventDate "2024.09.11"]
[WhiteTeam "Papua New Guinea"]
[BlackTeam "Bahrain"]
[WhiteTeamCountry "PNG"]
[BlackTeamCountry "BHN"]

1. e4 e5 2. Nf3 Nc6 3. Nc3 Nf6 4. d4 exd4 5. Nxd4 Bb4 6. Nxc6 bxc6 7. Bd3 O-O 8. O-O d5 9. exd5 cxd5 10. Bg5 c6 11. Qf3 Be7 12. h3 h6 13. Bf4 Be6 14. Ne2 c5 15. c3 Qb6 ({RR} 15... Qd7 16. Rad1 Bf5 17. Be5 Bxd3 18. Qxd3 Qa4 19. Nf4 Qxa2 20. Bxf6 Bxf6 21. Nxd5 Bd8 22. Qb5 Bb6 23. c4 Qa5 24. Qc6 Qa6 25. Ra1 Qxc4 26. Nxb6 axb6 27. Rxa8 Rxa8 28. Qxa8+ Kh7 29. Qf3 b5 30. Rd1 {1-0 Guo,P (2146)-Buchinger,A (1991) 51st Sparkassen Open A 2024 (8.46)}) 16. b3 Rfe8 $146 ({RR} 16... Nh7 17. Ng3 Ng5 18. Qh5 Bf6 19. h4 Nh7 20. Bxh6 Rfe8 21. Bxh7+ Kxh7 22. Bg5+ Kg8 23. Bxf6 gxf6 24. Qh6 Bg4 25. f3 Qd6 26. Kf2 Bxf3 27. gxf3 Qe5 28. Rg1 {1-0 Pham,M (1965)-Nguyen,T (1726) VIE-ch U17 Ho Chi Minh City 2014 (8)}) 17. Ng3 Rad8 18. Rfe1 d4 19. c4 Bc8 20. Nf5 Bxf5 21. Bxf5 Bd6 22. Bd2 Bc7 23. Bd3 Bd6 24. g3 Bf8 25. g4 g6 26. Bf4 Bg7 27. h4 Rxe1+ 28. Rxe1 Re8 29. Rxe8+ Nxe8 30. Qe2 Kf8 31. f3 Qd8 32. g5 hxg5 33. hxg5 Nc7 34. Bd2 Ne6 35. f4 Qd6 36. Qe4 Kg8 37. Kg2 Bf8 38. Kf3 Ng7 39. Qe5 Qd7 40. Kg3 Bd6 41. Qe4 Ne6 42. Qd5 Qc7 43. Qe4 Nxg5 44. Qe8+ Kg7 45. Kg4 Nh7 46. Qe2 Nf6+ 47. Kf3 Qc6+ 48. Kf2 Qh1 49. f5 Qh4+ 50. Kf1 Ng4 51. Qg2 g5 52. Be2 Ne3+ 53. Bxe3 dxe3 54. Bg4 Bg3 55. Qf3 Bf4 56. Qg2 Be5 57. Ke2 Bd4 58. Qg1 Qh6 59. Bf3 Kf6 60. Bg4 Qh8 61. Qg2 Qb8 62. Qc6+ Kg7 63. Qg2 Qb4 64. Kd3 Qc3+ 65. Ke4 Be5 66. Kf3 Kf6 67. Qe2 Bf4 68. Kg2 Ke5 69. Kf3 Qc1 70. Kg2 Kd4 71. Bf3 Kc3 72. f6 Qd2 73. Kf1 Be5 74. Bd5 Bxf6 75. Bxf7 g4 76. Qe1 Qxe1+ 77. Kxe1 g3 78. Bd5 Kd3 0-1

[Event "45th Olympiad 2024"]
[Site "Budapest HUN"]
[Date "2024.09.20"]
[Round "9.76"]
[Board "2"]
[White "Ayyad, Maher"]
[Black "McCoy, Tom"]
[Result "1-0"]
[WhiteElo "1980"]
[BlackElo "1883"]
[PlyCount "71"]
[EventDate "2024.09.11"]
[WhiteTeam "Bahrain"]
[BlackTeam "Papua New Guinea"]
[WhiteTeamCountry "BHN"]
[BlackTeamCountry "PNG"]

1. d4 d5 2. Nf3 Nf6 3. Bf4 Bf5 4. e3 e6 5. Ne5 Nfd7 ({RR} 5... Be7 6. g4 Bg6 7. h4 h6 8. Nxg6 fxg6 9. Bd3 Kf7 10. c3 Nbd7 11. Nd2 Nf8 12. Rg1 N6d7 13. Nf3 Rc8 14. Qe2 Bd6 15. O-O-O Qe7 16. Bg3 c5 17. Bxd6 Qxd6 18. e4 c4 19. Bc2 b5 20. exd5 {½-½ Ayyad,M (2074)-Bouaziz,M (2075) Arab-ch Dubai 2005 (6)}) 6. c3 $146 ({RR} 6. Nd2 Nxe5 7. Bxe5 Nd7 8. Bg3 c5 9. c3 Qb6 10. Qc1 Rc8 11. Nf3 Be7 12. Be2 h6 13. O-O O-O 14. Ne5 Nxe5 15. Bxe5 c4 16. g4 Be4 17. f3 Bh7 18. Bg3 Qc6 19. Bd1 Bd3 20. Rf2 b5 {½-½ Korosparti,S (2164)-Koczo,K (2024) HUN-chT 0203 2002 (11.10)}) ({RR} 6. c4 Nxe5 7. Bxe5 Nc6 8. Bg3 Nb4 9. Na3 c6 10. Be2 Be7 11. O-O O-O 12. Qd2 a5 13. Rfc1 b6 14. cxd5 exd5 15. Nb1 Qd7 16. Nc3 Na6 17. a3 Qb7 18. Bd3 Bxd3 19. Qxd3 Rfc8 20. Rc2 Nc7 {1-0 Carlsen,M (2863)-Xiong,J (2709) FIDE Steinitz Memorial blitz 2020 (8)}) ({RR} 6. g4 Be4 7. f3 Bg6 8. h4 Nxe5 9. Bxe5 h5 10. g5 Nd7 11. Bh2 c5 12. Nc3 Be7 13. Qd2 cxd4 14. exd4 O-O 15. Bd3 Bxd3 16. Qxd3 g6 17. O-O-O Nb6 18. Kb1 Nc4 19. Ne2 Qb6 20. Qb3 Rac8 {½-½ Dourerassou,J (2414)-Gerbelli Neto,E (2114) Titled Tue 12th Mar Late 2024 (8)}) ({RR} 6. Bd3 Bxd3 7. Qxd3 Bd6 8. Nxd7 Nxd7 9. O-O Bxf4 10. exf4 Qf6 11. g3 O-O 12. Nd2 Rfc8 13. c3 c5 14. Nf3 a6 15. Rfe1 b5 16. a4 bxa4 17. Rxa4 c4 18. Qb1 Rcb8 19. b4 cxb3 20. Rb4 Qd8 {½-½ Mueller,M-Almasi,I (2375) Budapest Spring op 11th 1995}) ({RR} 6. Nd2 Nxe5 7. Bxe5 Nd7 8. Bg3 Be7 9. Be2 O-O 10. f4 f6 11. Nf3 Bd6 12. h4 c6 13. h5 Qc7 14. Qd2 e5 15. Nh4 Be4 16. Bg4 exd4 17. Be6+ Kh8 18. Ng6+ Bxg6 19. hxg6 h6 20. O-O-O Rae8 {0-1 Herrera,M (2360)-Hungaski,R (2253) Buenos Aires Najdorf-B 2004 (5)}) 6... Nxe5 7. Bxe5 Nd7 8. Bg3 Bd6 9. Bd3 Bg6 10. O-O Qe7 11. c4 c6 12. Nc3 O-O 13. f4 dxc4 14. Bxc4 Nb6 15. Bb3 Nd5 16. Qe2 f5 17. Qf2 Bf7 18. Qf3 Rad8 19. e4 fxe4 20. Nxe4 Bc7 21. Rae1 Bb6 22. Bf2 Qb4 23. Nc5 Bc7 24. g3 Rfe8 25. Re2 Bd6 26. Rfe1 Bxc5 27. dxc5 Qa5 28. Re5 Nb4 29. Qc3 Rd3 30. Qc4 Rd2 31. Rxe6 Rf8 32. R1e4 Nd3 33. Re8 Qc7 34. Qc3 Nxf2 35. R4e7 Rd7 36. Bxf7+ 1-0

[Event "45th Olympiad 2024"]
[Site "Budapest HUN"]
[Date "2024.09.20"]
[Round "9.76"]
[Board "3"]
[White "Jones, Rupert"]
[Black "Monther, Alfardan"]
[Result "0-1"]
[WhiteElo "1849"]
[BlackElo "1834"]
[PlyCount "72"]
[EventDate "2024.09.11"]
[WhiteTeam "Papua New Guinea"]
[BlackTeam "Bahrain"]
[WhiteTeamCountry "PNG"]
[BlackTeamCountry "BHN"]

1. e4 e5 2. Nf3 Nc6 3. Bb5 Nge7 4. O-O g6 5. c3 Bg7 6. d3 O-O 7. Nbd2 a6 8. Ba4 b5 9. Bc2 b4 10. Re1 a5 11. Nf1 d6 12. Ne3 $146 ({RR} 12. Ng3 d5 13. Qe2 Bg4 14. h3 Bxf3 15. Qxf3 d4 16. c4 a4 17. h4 h5 18. Nf1 Qd7 19. Nh2 f5 20. Bg5 f4 21. g4 Kf7 22. gxh5 Rh8 23. hxg6+ Nxg6 24. h5 Nf8 25. Kg2 Ne6 26. Bh4 Rag8 {1-0 Yazgi,H-Ocakacan,H Saraybahce GP 2002 (6)}) 12... Kh8 13. d4 exd4 14. cxd4 Rb8 15. Bb3 h6 16. h3 f5 17. exf5 Nxf5 18. Nxf5 Bxf5 19. g4 Bd7 20. d5 Ne5 21. Nxe5 dxe5 22. Be3 Qh4 23. Kh2 e4 24. Bd4 Rf3 25. Bxg7+ Kxg7 26. Qd4+ Kh7 27. Kg1 Rbf8 28. Rxe4 Rxf2 29. Qe3 Bb5 30. Re7+ Kh8 31. Qe5+ R8f6 32. Re1 Qxh3 33. Re8+ Bxe8 34. Qxe8+ Rf8 35. Qe5+ R2f6 36. Qd4 Qg3+ 0-1

[Event "45th Olympiad 2024"]
[Site "Budapest HUN"]
[Date "2024.09.20"]
[Round "9.77"]
[Board "1"]
[White "Hasford, John Kojo"]
[Black "De Mey, Juan Pablo"]
[Result "1/2-1/2"]
[WhiteElo "1956"]
[BlackElo "1992"]
[PlyCount "102"]
[EventDate "2024.09.11"]
[WhiteTeam "Ghana"]
[BlackTeam "Aruba"]
[WhiteTeamCountry "GHA"]
[BlackTeamCountry "ARN"]

1. d4 d5 2. Nf3 e6 3. c4 Nf6 4. Nc3 dxc4 5. Bg5 c5 6. e3 Nc6 7. Bxc4 cxd4 8. exd4 Be7 9. O-O O-O 10. Qd2 ({RR} 10. Re1 a6 11. Rc1 b5 12. Bd3 Bb7 13. Bb1 Qb6 14. d5 exd5 15. Bxf6 Bxf6 16. Nxd5 Qd8 17. Rxc6 Bxc6 18. Qc2 g6 19. Qxc6 Bxb2 20. h4 Ra7 21. Rd1 Kh8 22. Ne3 Qc8 23. Qd6 Bg7 24. h5 Rc7 {½-½ Postny,E (2585)-Nytra,O (2184) 17th Teplice Open 2024 (5.30)}) 10... b6 $146 ({RR} 10... a6 11. Rfd1 b5 12. Be2 Bb7 13. Qf4 Nd5 14. Nxd5 Qxd5 15. Bxe7 Nxe7 16. Qe5 Rad8 17. Qxd5 Nxd5 18. Rac1 Nf4 19. Kf1 Rfe8 20. g3 Ng6 21. Rc5 h6 22. Rdc1 f6 23. Ke1 Kf8 24. a3 Ne7 25. b4 {½-½ Schulz,W (1682)-Krueger,G (1830) Mecklenburg VP LL2 West 0001 2000 (6)}) 11. Rad1 Bb7 12. Qe2 Nd5 13. Bc1 Ncb4 14. Ne4 Rc8 15. a3 Rxc4 16. Qxc4 Ba6 17. Qb3 Bxf1 18. Kxf1 Nc6 19. Qd3 f6 20. b4 Qd7 21. Bd2 Rc8 22. Kg1 Nd8 23. g3 Nf7 24. Kg2 g5 25. Kg1 g4 26. Ne1 f5 27. Nc3 h5 28. Ng2 Nf6 29. Bf4 Rd8 30. Qb5 Qb7 31. Qe2 Rc8 32. Qd2 Qf3 33. Rc1 Nh7 34. Ne1 Qb7 35. Ne2 Rxc1 36. Qxc1 Nhg5 37. Bxg5 Nxg5 38. Nf4 Kf7 39. Qe3 Qc6 40. h4 gxh3 41. Kh2 a5 42. bxa5 bxa5 43. Nxh5 Qe4 44. Qxe4 Nxe4 45. f3 Nd2 46. a4 Nb3 47. Nc2 Nd2 48. Kxh3 Nxf3 49. Kg2 Nd2 50. Nf4 Ne4 51. Ne2 Ke8 1/2-1/2

[Event "45th Olympiad 2024"]
[Site "Budapest HUN"]
[Date "2024.09.20"]
[Round "9.77"]
[Board "2"]
[White "Stetsenko, Ilya"]
[Black "Anquandah, Francis Eric"]
[Result "1-0"]
[WhiteElo "1903"]
[BlackElo "1941"]
[PlyCount "63"]
[EventDate "2024.09.11"]
[WhiteTeam "Aruba"]
[BlackTeam "Ghana"]
[WhiteTeamCountry "ARN"]
[BlackTeamCountry "GHA"]

1. Nf3 d5 2. d4 Nf6 3. c4 c6 4. g3 e6 5. Bg2 Nbd7 6. Qc2 Be7 7. O-O O-O 8. Nbd2 Re8 9. e4 Nxe4 10. Nxe4 dxe4 11. Qxe4 Nf6 12. Qe2 Bd6 13. Ne5 Qc7 14. Bf4 Nd7 15. c5 Bxe5 16. Bxe5 Nxe5 17. dxe5 b6 18. Rac1 $146 ({RR} 18. Rfd1 Bb7 19. Rd6 Red8 20. Rad1 bxc5 21. Qd2 Rxd6 22. Qxd6 Qxd6 23. Rxd6 Kf8 24. Bxc6 Bxc6 25. Rxc6 Rb8 26. b3 Rb5 27. Rc8+ Ke7 28. Rc7+ Ke8 29. Rxa7 c4 30. bxc4 Rxe5 31. Rb7 Rc5 32. Rb4 Rc7 {1-0 Campbell,E (1910)-Bratteteig,T (1679) London Classic op 2009 (7)}) 18... Bb7 19. Rfd1 Rad8 20. Qe3 Rxd1+ 21. Rxd1 Rd8 22. Rd6 Rxd6 23. exd6 Qd8 24. b4 b5 25. f4 Kf8 26. Qd3 g6 27. Qd4 Kg8 28. d7 Kf8 29. Qd6+ Kg7 30. Bxc6 Bxc6 31. Qxc6 Qf6 32. Qd6 1-0

[Event "45th Olympiad 2024"]
[Site "Budapest HUN"]
[Date "2024.09.20"]
[Round "9.77"]
[Board "3"]
[White "Anhwere, Bernard"]
[Black "Pesqueira, Jose"]
[Result "1/2-1/2"]
[WhiteElo "1893"]
[BlackElo "1880"]
[PlyCount "76"]
[EventDate "2024.09.11"]
[WhiteTeam "Ghana"]
[BlackTeam "Aruba"]
[WhiteTeamCountry "GHA"]
[BlackTeamCountry "ARN"]

1. d4 Nf6 2. Nf3 g6 3. g3 Bg7 4. Bg2 d6 5. O-O Nbd7 6. c4 O-O 7. Nc3 e5 8. dxe5 dxe5 9. Qb3 c6 10. Be3 $146 ({RR} 10. h3 Qa5 11. a3 Nb6 12. Be3 Bf5 13. Bxb6 axb6 14. Ng5 Bc8 15. Qc2 h6 16. Nge4 Nxe4 17. Nxe4 Be6 18. Rfd1 f5 19. Nd6 e4 20. Nxb7 Qe5 21. c5 Rfb8 22. Nd6 Qxc5 23. Qd2 Qe5 24. Rac1 Bd5 {0-1 Ridameya Tatche,J (2315)-Kolev,A (2345) Ibercaja op Zaragoza 1993}) ({RR} 10. h3 Qa5 11. Qc2 Nb6 12. Nd2 Be6 13. b3 e4 14. e3 Qh5 15. Bb2 Bxh3 16. Ncxe4 Nbd7 17. Rad1 Rae8 18. Nxf6+ Nxf6 19. Bxf6 Bxf6 20. Ne4 Bg7 21. Nd6 Re7 22. c5 Bg4 23. Rd2 Rd8 24. Qc4 Be6 {0-1 Bindrich,F (2516)-Vachier Lagrave,M (2718) Wch U20 Puerto Madryn 2009 (8)}) ({RR} 10. h3 Qc7 11. Be3 a5 12. Rfd1 Re8 13. Ng5 h6 14. Nge4 Nxe4 15. Nxe4 f5 16. Nd6 Rf8 17. c5+ Kh7 18. Nxc8 Raxc8 19. Rd6 f4 20. Qd3 fxe3 21. Rxd7 exf2+ 22. Kf1 e4 23. Qd4 Qxd7 24. Qxd7 e3 {1-0 Senthil,M (2208)-Levine,D (2068) Titled Tuesday intern op 01st Feb-B blitz 2022 (2)}) ({RR} 10. Rd1 Qc7 11. Ng5 Nc5 12. Qc2 Bf5 13. e4 Bd7 14. f4 Ne6 15. Nxe6 Bxe6 16. c5 Bg4 17. Rf1 exf4 18. Bxf4 Qa5 19. Bd6 Rfe8 20. h3 Be6 21. Rxf6 Bxf6 22. e5 Bxe5 23. Ne4 Bd4+ 24. Kh2 Qb4 {1-0 Ferraro,O (1716)-Sanduay,N (1847) Villa Ballester de Invierno op 4th 2004 (4)}) ({RR} 10. Rd1 Qe7 11. Nd2 Re8 12. Nde4 Rd8 13. Be3 Ne8 14. Bg5 f6 15. Be3 f5 16. Bg5 Bf6 17. c5+ Kg7 18. Nxf6 Nexf6 19. Qc4 Re8 20. Rd6 h6 21. Bc1 Nf8 22. b4 Be6 23. Qd3 Red8 24. b5 Ne8 {1-0 Ascenso,L-Bray,J Leiria op 1999}) 10... Qc7 11. Rad1 h6 12. Qc2 Ng4 13. Bd2 Nc5 14. b4 Ne6 15. c5 Nf6 16. Na4 Rd8 17. e3 Ng5 18. Nxg5 hxg5 19. Nb2 Bg4 20. f3 Be6 21. Nc4 Bxc4 22. Qxc4 Rd7 23. Bh3 Rdd8 24. e4 Rd4 25. Qb3 g4 26. fxg4 Nxe4 27. Be3 Rxd1 28. Rxd1 Rd8 29. Bg2 Nf6 30. Bf3 e4 31. Bf4 Rxd1+ 32. Qxd1 Qc8 33. Bg2 Qxg4 34. Qxg4 Nxg4 35. Bxe4 Bd4+ 36. Kg2 f5 37. Bf3 Ne3+ 38. Bxe3 Bxe3 1/2-1/2